Theory and practice of group counseling / (Record no. 201)

MARC details
000 -LEADER
fixed length control field 00969cam a2200289 a 4500
005 - DATE AND TIME OF LATEST TRANSACTION
control field 20260322212010.0
008 - FIXED-LENGTH DATA ELEMENTS--GENERAL INFORMATION
fixed length control field data
010 ## - LIBRARY OF CONGRESS CONTROL NUMBER
LC control number 2002113769
020 ## - INTERNATIONAL STANDARD BOOK NUMBER
International Standard Book Number 0534596975 (student ed.)
020 ## - INTERNATIONAL STANDARD BOOK NUMBER
International Standard Book Number 9780534596972 (student ed.)
040 ## - CATALOGING SOURCE
Original cataloging agency DLC
Transcribing agency DLC
Modifying agency DLC
050 00 - LIBRARY OF CONGRESS CALL NUMBER
Classification number BF637.C6
Item number C576 2004
082 00 - DEWEY DECIMAL CLASSIFICATION NUMBER
Classification number 158/.35
Edition information 22
096 ## - LOCALLY ASSIGNED NLM-TYPE CALL NUMBER (OCLC)
Classification number WM 430 C576 2004
001 - CONTROL NUMBER
control field data
100 1# - MAIN ENTRY--PERSONAL NAME
Personal name Corey, Gerald.
245 10 - TITLE STATEMENT
Title Theory and practice of group counseling /
Statement of responsibility, etc. Gerald Corey.
250 ## - EDITION STATEMENT
Edition statement 6th ed.
260 ## - PUBLICATION, DISTRIBUTION, ETC.
Place of publication, distribution, etc. Belmont, CA :
-- Belmont, CA :
Name of publisher, distributor, etc. Thomson/Brooks/Cole,
Date of publication, distribution, etc. c2004.
300 ## - PHYSICAL DESCRIPTION
Extent xix, 522 p. ;
Dimensions 25 cm.
504 ## - BIBLIOGRAPHY, ETC. NOTE
Bibliography, etc. note Includes bibliographical references and index.
650 #0 - SUBJECT ADDED ENTRY--TOPICAL TERM
Topical term or geographic name entry element Group counseling.
650 #0 - SUBJECT ADDED ENTRY--TOPICAL TERM
Topical term or geographic name entry element Small groups.
906 ## - LOCAL DATA ELEMENT F, LDF (RLIN)
a 7
b cbc
c orignew
d 3
e epcn
f 20
g y-gencatlg
925 0# -
-- acquire
-- 1 shelf copy
-- policy default
955 ## - COPY-LEVEL INFORMATION (RLIN)
-- sh33 2003-06-30
-- sh42 2003-07-02 to Dewey
Holdings
Withdrawn status Lost status Damaged status Not for loan Home library Current library Shelving location Date acquired Total checkouts Full call number Barcode Date last seen Price effective from Koha item type
        Centerville Centerville General stacks 22/03/2026   158/.35 22 BC0010208 22/03/2026 22/03/2026 Books